Movies Quiz

Random Movies or Oscar Quiz

4 Decades of Oscar Movies Quiz Stats

 Plays Quiz Updated Mar 2, 2018

Challenge
Share
Tweet
Embed
Score 0/20 Timer 04:00
0 Plays Today
Question Answer Wrong Answers
Slumdog Millionaire 2000s
92.7%
1970s
0.3%
1980s
0.5%
1990s
3.9%
Forrest Gump 1990s
88.6%
1970s
0.4%
1980s
5.6%
2000s
2.9%
The Godfather 1970s
87.7%
1980s
7.8%
1990s
1.9%
2000s
0.3%
The Departed 2000s
85.5%
1970s
1.1%
1980s
2.6%
1990s
8.4%
Million Dollar Baby 2000s
83.2%
1970s
0.7%
1980s
1.5%
1990s
12%
The French Connection 1970s
80.5%
1980s
10.7%
1990s
5%
2000s
1.2%
Shakespeare in Love 1990s
79.9%
1970s
1.4%
1980s
3.8%
2000s
12.5%
The Sting 1970s
79.8%
1980s
12.4%
1990s
4.1%
2000s
1.1%
The English Patient 1990s
77.6%
1970s
3%
1980s
10.5%
2000s
6.2%
Platoon 1980s
76.1%
1970s
12.3%
1990s
8.3%
2000s
0.8%
Amadeus 1980s
76.1%
1970s
6.6%
1990s
12.6%
2000s
2.1%
Rocky 1970s
75.7%
1980s
19.7%
1990s
2%
2000s
0.3%
Chicago 2000s
74.5%
1970s
2.8%
1980s
4%
1990s
16.2%
Gandhi 1980s
74.1%
1970s
9%
1990s
12.1%
2000s
2.2%
The Deer Hunter 1970s
72.8%
1980s
18.5%
1990s
4.9%
2000s
1.2%
Dances with Wolves 1990s
71.4%
1970s
2.5%
1980s
22.6%
2000s
1%
Rain Man 1980s
69.9%
1970s
2.4%
1990s
24.1%
2000s
1.1%
Gladiator 2000s
69.5%
1970s
0.5%
1980s
1.5%
1990s
26%
Unforgiven 1990s
69.4%
1970s
5.3%
1980s
12.1%
2000s
10.6%
Ordinary People 1980s
63%
1970s
22.1%
1990s
8.4%
2000s
3.7%

You're not logged in!

Compare scores with friends on all Sporcle quizzes.
OR
Log In

You Might Also Like...

Show Comments

Extras

Top Quizzes Today


Score Distribution

Your Account Isn't Verified!

In order to create a playlist on Sporcle, you need to verify the email address you used during registration. Go to your Sporcle Settings to finish the process.

Report this User

Report this user for behavior that violates our Community Guidelines.

Details: